000
00244 a2200097 4500
001
55670
100
_a
245
_a
Microcontroller technology ; the 68HC11, 2nd Ed
260
_a
New Jersey
_b
Prentic-Hall
_c
1996
090
_c
34556
_d
34556
942
_a
NUST-CAE
_c
MONOGRAPH
_c
27287
999
_c
290743
_d
290743